Vinos, cava y bebidas espirituosas: con denominación de origen o indicación geográfica protegida

Guardat en:
Dades bibliogràfiques
Autor corporatiu: Ministerio de Agricultura, Pesca y Alimentación (Autor)
Format: Llibre
Idioma:espanyol
Publicat: Madrid Ministerio de Agricultura, Pesca y Alimentación 2003
Edició:1a. ed
Col·lecció:Alimentos de España
Matèries:
Etiquetes: Afegir etiqueta
Sense etiquetes, Sigues el primer a etiquetar aquest registre!

MARC

LEADER 00000cam a2200000 a 4500
001 UCC3928
003 CL-VaPUC
008 180622e20030000sp |||||||||||||||||spa|d
082 0 4 |a 641.72  |b MIN  |2 21 
110 2 |a Ministerio de Agricultura, Pesca y Alimentación  |e author  |9 598042 
245 1 0 |a Vinos, cava y bebidas espirituosas: con denominación de origen o indicación geográfica protegida 
250 |a 1a. ed 
300 |a 81 p 
942 |c BK 
945 |d 20180622 13:48:00  |a arojas 
260 |a Madrid  |b Ministerio de Agricultura, Pesca y Alimentación  |c 2003 
650 0 |a Enología  |9 347465 
650 0 |a Degustación   |9 262966 
650 0 |a Vinos  |9 389604 
651 0 |a España  |9 254926 
583 |a last modification  |c 20180622 13:48:00  |k Rodrigo Vera 
490 0 |a Alimentos de España 
999 |c 371575  |d 371573 
952 |0 0  |1 0  |3 erb  |4 0  |6 641_720000000000000_MIN_2003  |7 0  |8 A  |9 488597  |a BIBALI  |b BIBALI  |i 5476224  |o 641.72 MIN 2003  |p 5476224  |r 2025-01-20  |w 2019-11-24  |y BK  |z Catalogado en:20180622  |k ALI